Online
Catalog
Normal view MARC view

Entry Nombre personal

Number of records used in: 11

001 - NÚMERO DE CONTROL

  • campo de control: 28675

003 - IDENTIFICADOR DEL NÚMERO DE CONTROL

  • campo de control: OSt

005 - FECHA Y HORA DE LA ÚLTIMA TRANSACCIÓN

  • campo de control: 20210518105654.0

008 - DATOS DE LONGITUD FIJA

  • campo de control de longitud fija: 200615|| aca||aabn | a|a d

040 ## - FUENTE DE LA CATALOGACIÓN

  • Centro catalogador/agencia de origen: OSt
  • Centro/agencia transcriptor: OSt

100 1# - ENCABEZAMIENTO-NOMBRE DE PERSONA

  • Nombre de persona: Santos García, Eladio de los ,
  • Fechas asociadas al nombre: 1973-

370 ## - LUGAR ASOCIADO

  • Lugar de nacimiento: República Dominicana

375 ## - GÉNERO/SEXO

  • Género/Sexo: Masculino

377 ## - LENGUA/LENGUAJE ASOCIADO

  • Código del idioma: spa

400 1# - TRAZADO DE VÉASE--NOMBRE DE PERSONA

  • Nombre de persona: García, Eladio de los Santos ,

400 1# - TRAZADO DE VÉASE--NOMBRE DE PERSONA

  • Nombre de persona: De los Santos García, Eladio ,

670 ## - FUENTE DE DATOS ENCONTRADOS

  • Cita de la fuente: Santos García, Eladio de los, 1973- 28674, Catarsis del tiempo , 2005.

670 ## - FUENTE DE DATOS ENCONTRADOS

  • Cita de la fuente: Santos García, Eladio de los, 1973-, El sueño engendra ...

Powered by Koha